茨城県の市町村 (2000年) - Statistics

General Stats
  • This quiz has been taken 70 times
    56 since last reset
  • The average score is 62 of 85
Answers on the Map
Answers color-coded by a green-red scale on the quiz's map according to % correct below.
 
Answer Stats
ヒント 市町村名 % Correct
水戸市みとし
100%
日立市ひたちし
100%
土浦市つちうらし
100%
龍ケ崎市りゅうがさきし
100%
常陸太田市ひたちおおたし
100%
北茨城市きたいばらきし
100%
牛久市うしくし
100%
つくば
100%
ひたちなか
100%
鹿島郡 神栖町かみすまち
100%
古河市こがし
97%
石岡市いしおかし
97%
結城市ゆうきし
97%
高萩市たかはぎし
97%
鹿嶋市かしまし
97%
東茨城郡 大洗町おおあらいまち
97%
那珂郡 東海村とうかいむら
97%
稲敷郡 東町あずままち
97%
北相馬郡 守谷町もりやまち
97%
水海道市みつかいどうし
94%
取手市とりでし
94%
那珂郡 那珂町なかまち
94%
那珂郡 大宮町おおみやまち
94%
久慈郡 大子町だいごまち
94%
猿島郡 五霞町ごかまち
94%
北相馬郡 利根町とねまち
94%
下館市しもだてし
91%
下妻市しもつまし
91%
岩井市いわいし
91%
鹿島郡 鉾田町ほこたまち
91%
稲敷郡 阿見町あみまち
91%
東茨城郡 茨城町いばらきまち
88%
多賀郡 十王町じゅうおうまち
88%
行方郡 潮来町いたこまち
88%
猿島郡 境町さかいまち
88%
笠間市かさまし
85%
西茨城郡 友部町ともべまち
85%
稲敷郡 河内町かわちまち
85%
猿島郡 猿島町さしままち
85%
鹿島郡 波崎町はさきまち
79%
稲敷郡 美浦村みほむら
79%
新治郡 霞ヶ浦町かすみがうらまち
79%
東茨城郡 小川町おがわまち
76%
結城郡 八千代町やちよまち
76%
北相馬郡 藤代町ふじしろまち
76%
新治郡 新治村にいはりむら
74%
真壁郡 真壁町まかべまち
71%
東茨城郡 美野里町みのりまち
68%
稲敷郡 桜川村さくらがわむら
68%
東茨城郡 内原町うちはらまち
65%
久慈郡 金砂郷町かなさごうまち
65%
新治郡 玉里村たまりむら
65%
西茨城郡 岩瀬町いわせまち
62%
鹿島郡 大洋村たいようむら
62%
新治郡 千代田町ちよだまち
62%
筑波郡 谷和原村やわらむら
62%
猿島郡 総和町そうわまち
62%
久慈郡 里美村さとみむら
59%
行方郡 牛堀町うしぼりまち
59%
行方郡 玉造町たまつくりまち
59%
西茨城郡 岩間町いわままち
56%
那珂郡 瓜連町うりづらまち
56%
稲敷郡 江戸崎町えどさきまち
56%
筑波郡 伊奈町いなまち
56%
結城郡 石下町いしげまち
56%
猿島郡 三和町さんわまち
56%
東茨城郡 桂村かつらむら
53%
行方郡 北浦町きたうらまち
53%
稲敷郡 茎崎町くきざきまち
53%
真壁郡 協和町きょうわまち
53%
行方郡 麻生町あそうまち
50%
新治郡 八郷町やさとまち
50%
鹿島郡 旭村あさひむら
47%
真壁郡 大和村やまとむら
44%
那珂郡 山方町やまがたまち
41%
久慈郡 水府村すいふむら
41%
東茨城郡 御前山村ごぜんやまむら
38%
西茨城郡 七会村ななかいむら
38%
東茨城郡 常北町じょうほくまち
35%
那珂郡 美和村みわむら
35%
稲敷郡 新利根町しんとねまち
35%
真壁郡 関城町せきじょうまち
35%
真壁郡 明野町あけのまち
32%
結城郡 千代川村ちよかわむら
32%
那珂郡 緒川村おがわむら
21%
No matching quizzes found
Score Distribution
Percent of People with Each Score
Percentile by Number Answered
Your Score History
You have not taken this quiz since the last reset